000 00384nam a2200121Ia 4500
008 170221s9999 xx 000 0 und d
100 _aMark Brimble
245 _aFinancial Planning and Financial Instruments: 2013 in Review, 2014 in Prospect
245 _cMark Brimble and Ciorstan Smark
260 _c2013
650 _xBusiness
856 _uhttp://ro.uow.edu.au/aabfj/vol7/iss3/1/
999 _c309536
_d309536